000 00708nam a2200205 i 4500
001 33218
003 ES-MaACL
007 t|
008 030201s1961 sp ||||1| spa d
100 1 _aBickham, Warren Stone.
_928784
245 1 0 _aCirugía del aparato digestivo /
_cpor Richard T. Shackelford, con la colaboración de Hammond J. Dugan ; traducido por V. Artigas ... Bickham-Callander.
250 _a1ª ed.
260 _aBarcelona :
_bSalvat,
_c[1961]
300 _a3 v. :
_bil. ;
_c26 cm.
700 1 _aCallander, Curle Latimer.
_933687
700 1 _aShackelford, Richard T.
_9105976
700 1 _aDugan, Hammond J.
_945922
700 1 _aArtigas, V.
_923468
852 _aES-MaACL
_jB-4649-51
_bR.47919
999 _c33218
_d33218